| 000 | 00693nam a22002057a 4500 | ||
|---|---|---|---|
| 003 | OSt | ||
| 005 | 20160611082233.0 | ||
| 008 | 130720t xxu||||| |||| 00| 0 eng d | ||
| 050 |
_aPE 1128 _b.R741 2007 |
||
| 082 |
_aTR 418 _bR63 2007 |
||
| 100 |
_aRojas, Virginia Pauline _92333 |
||
| 245 |
_aStrategies for success with english language learners / _cVirginia Pauline Rojas. |
||
| 260 |
_aVirginia, USA : _bAssociation for Supervision and Curriculum Development, _cc2007. |
||
| 300 |
_avi. 554 p. ; _bill. some col. ; _c28 cm. |
||
| 562 | _e1 | ||
| 650 |
_aLanguage and languages _xStudies and teaching _92334 |
||
| 700 |
_aRojas, Virginia Pauline _92335 |
||
| 942 |
_2lcc _cBK |
||
| 999 |
_c7158 _d7158 |
||